00412 2200169 4500245005300000020002200053250001200075100001800087700001800105650002100123005001900144260002500163041001400188084000800202300002300210336000900233 aAyah Menyayangi Tanpa AkhircKirana KejorahText a978-602-1298-63-3 aCet. 14 aKirana Kejora aBudi Darmawan aNovel Inspiratif a20230120100016 aJakartabZettuc2015 aIndonesia a813 a372 hlm. :c21 cm. atext